LEADER 01045nam2 2200373 450 001 990000842790203316 010 $a1-56676-383-5 035 $a0084279 035 $aUSA010084279 035 $a(ALEPH)000084279USA01 035 $a0084279 100 $a20020104d1996----km-y0itay0103----ba 101 $aeng 102 $aCH 105 $a||||||||001yy 200 1 $aMayor processed products$fedited by Lazlo P. Somogyi...$v2 210 $aBasel$cTechnomic$dc1996 215 $aXII, 558 p.$cill.$d24 cm 410 $12001 461 1$10010084274$12001$aProcessing fruits 606 0 $aFrutta 676 $a664.8 702 1$aSOMOGYI,$bLazlo P. 801 0$aIT$bsalbc$gISBD 912 $a990000842790203316 951 $a664 PRO 2$b11576 ING$c664 959 $aBK 969 $aTEC 979 $aPATTY$b90$c20020104$lUSA01$h1612 979 $aPATTY$b90$c20020104$lUSA01$h1613 979 $c20020403$lUSA01$h1729 979 $aPATRY$b90$c20040406$lUSA01$h1658 996 $aMayor processed products$9968035 997 $aUNISA LEADER 00873cam0-2200313---450- 001 990004789470403321 005 20090120115853.0 035 $a000478947 035 $aFED01000478947 035 $a(Aleph)000478947FED01 035 $a000478947 100 $a19990604d1961----km-y0itay50------ba 101 0 $aeng 102 $aGB 105 $a----a---001yy 200 1 $a<>growth of the english novel$fby Richard Church 210 $aLondon$cMethuen$aNew York$cBarnes & Noble$d1961 215 $a179 p.$d21 cm 225 1 $aUniversity paperbacks$v28 610 0 $aNarrativa inglese 676 $a823.009 700 1$aChurch,$bRichard$0191533 801 0$aIT$bUNINA$c20070322$gRICA$2UNIMARC 901 $aBK 912 $a990004789470403321 952 $a823.009 CHU 1$fFLFBC 959 $aFLFBC 996 $aGrowth of the english novel$9174180 997 $aUNINA LEADER 01497nas--2200433---450- 001 990003481510203316 005 20141117164024.0 011 $a1049-3301 035 $a000348151 035 $aUSA01000348151 035 $a(ALEPH)000348151USA01 035 $a000348151 100 $a20110111a----9999km-y-itay50------ba 101 0 $aeng 102 $aUS 110 $aahazz--|||| 200 1 $aACM Transactions on modeling and computer simulation$fAssociation for Computing Machinery 210 $aNew York$cThe Association 215 $av.$cill.$d26 cm 300 $aComincia nel 1991 300 $aDescrizione basata su Vol.18, n.1(2008)- 326 $aTrimestrale 606 0 $aInformatica$xPeriodici$2BNCF 676 $a003.305 712 02$aAssociation for Computing Machinery 801 0$aIT$bsalbc$gISBD 856 4$uhttp://dl.acm.org/citation.cfm?id=J781&CFID=180066741&CFTOKEN=37189425$4.$zOnline da workstation autorizzate 912 $a990003481510203316 958 $aSCI$bPER II$c2006-2013; 959 $aSE 979 $aCIANATIEMP$b90$c20110111$lUSA01$h1441 979 $aCIANATIEMP$b90$c20110112$lUSA01$h0950 979 $aCIANATIEMP$b90$c20110112$lUSA01$h0950 979 $aCIANATIEMP$b90$c20110126$lUSA01$h1243 979 $aCIANATIEMP$b90$c20110207$lUSA01$h1429 979 $aVITTORIANA$b90$c20130213$lUSA01$h1227 979 $aANGELA$b90$c20141117$lUSA01$h1640 996 $aACM transactions on modeling and computer simulation$9103144 997 $aUNISA